[Event "SVK-ch Amateurs"]
[Site "Topolcany"]
[Date "2021.08.06"]
[Round "1"]
[White "Hasterok, Lukasz"]
[Black "Aroven, Mikael"]
[Result "1-0"]
[WhiteElo "1637"]
[BlackElo "2048"]
[PlyCount "65"]
[EventDate "2021.08.06"]
[EventType "swiss"]
[EventRounds "7"]
[EventCountry "SVK"]
[SourceTitle "EXT 2022"]
[Source "ChessBase"]
[SourceDate "2021.10.06"]
[SourceVersion "1"]
[SourceVersionDate "2021.10.06"]
[SourceQuality "1"]

1. d4 Nf6 2. Nf3 e6 3. Bf4 b6 4. e3 Bb7 5. Nbd2 Be7 6. h3 0-0 7. Bd3 c5 8. c3 Nc6 9. 0-0 cxd4 10. exd4 d6 11. Ne4 Na5 12. Re1 Nxe4 13. Bxe4 Bxe4 14. Rxe4 d5 15. Re2 Rc8 16. Qd3 Nc4 17. Ne5 Bf6 18. Nxc4 Rxc4 19. Be5 Bxe5 20. Rxe5 Qh4 21. Qe3 b5 22. f4 g6 23. g4 b4 24. f5 bxc3 25. bxc3 exf5 26. gxf5 Rfc8 27. fxg6 hxg6 28. Rf1 R8c6 29. Re8+ Kg7 30. Qe5+ f6 31. Qe7+ Kh6 32. Rh8+ Kg5 33. Qe3+ 1-0

[Event "Wroclaw Anderssen Memorial"]
[Site "Wroclaw"]
[Date "2021.07.31"]
[Round "8"]
[White "Brodowski, Piotr"]
[Black "Hasterok, Lukasz"]
[Result "1-0"]
[WhiteElo "2439"]
[BlackElo "1637"]
[PlyCount "55"]
[EventDate "2021.07.31"]
[EventType "swiss (rapid)"]
[EventRounds "9"]
[EventCountry "POL"]
[SourceTitle "CBM 203 Extra"]
[Source "ChessBase"]
[SourceDate "2021.09.30"]
[SourceVersion "1"]
[SourceVersionDate "2021.09.30"]
[SourceQuality "1"]

1. e4 c6 2. Nf3 d5 3. Nc3 Bg4 4. h3 Bxf3 5. Qxf3 e6 6. g3 Nf6 7. Bg2 Be7 8. 0-0 0-0 9. d3 Nbd7 10. Bd2 Ne5 11. Qe2 Bc5 12. Kh2 Re8 13. f4 Ng6 14. Qf3 Qc7 15. Rae1 Re7 16. f5 Ne5 17. Qf4 d4 18. Ne2 Rae8 19. Kh1 h6 20. fxe6 Rxe6 21. Qf2 Qd7 22. g4 Nfxg4 23. hxg4 Nxg4 24. Qg3 h5 25. Bh3 Bd6 26. Bf4 Bxf4 27. Nxf4 Rh6 28. Kg2 1-0

[Event "SVK-ch rapid"]
[Site "Topolcany"]
[Date "2020.07.11"]
[Round "5"]
[White "Hasterok, Lukasz"]
[Black "Meszarosova, Eva"]
[Result "0-1"]
[WhiteElo "1614"]
[BlackElo "1941"]
[PlyCount "74"]
[EventDate "2020.07.11"]
[EventType "swiss (rapid)"]
[EventRounds "9"]
[EventCountry "SVK"]
[SourceTitle "CBM 197 Extra"]
[Source "ChessBase"]
[SourceDate "2020.09.30"]
[SourceVersion "1"]
[SourceVersionDate "2020.09.30"]
[SourceQuality "1"]

1. d4 Nf6 2. Nf3 d5 3. Bf4 e6 4. e3 Be7 5. Nbd2 0-0 6. Bd3 c5 7. c3 Nc6 8. 0-0 b6 9. Re1 Bb7 10. a4 Rc8 11. Ne5 a5 12. Nxc6 Bxc6 13. Nf3 Nh5 14. Bg3 Nxg3 15. hxg3 Bf6 16. Kh2 g6 17. g4 Qd6+ 18. g3 e5 19. dxe5 Bxe5 20. Bb5 Bxb5 21. axb5 Bg7 22. Rh1 Qd7 23. c4 Qxg4 24. cxd5 Rfd8 25. Kg2 Qe4 26. Rh4 Qxd5 27. Qc2 c4 28. Rah1 h6 29. Rf4 Qxb5 30. Nh4 Qxb2 31. Qe4 Re8 32. Qb7 Rf8 33. Qe7 Rce8 34. Qb7 Re6 35. Qd5 c3 36. Nxg6 Rxg6 37. Qf5 c2 0-1

[Event "Rubinstein Memorial-C 55th"]
[Site "Polanica Zdroj"]
[Date "2019.08.18"]
[Round "2"]
[White "Hasterok, Lukasz"]
[Black "Kroliczek, Gabriela"]
[Result "1/2-1/2"]
[WhiteElo "1531"]
[BlackElo "1787"]
[PlyCount "70"]
[EventDate "2019.08.17"]
[EventType "swiss"]
[EventRounds "9"]
[EventCountry "POL"]
[SourceTitle "EXT 2020"]
[Source "ChessBase"]
[SourceDate "2019.10.17"]
[SourceVersion "1"]
[SourceVersionDate "2019.10.17"]
[SourceQuality "1"]

1. d4 g6 2. Nf3 Bg7 3. Bf4 c5 4. c3 Qb6 5. Qb3 d6 6. e3 Nc6 7. Bc4 Qxb3 8. axb3 e5 9. dxe5 dxe5 10. Bg3 Nge7 11. h3 0-0 12. 0-0 Bd7 13. Rd1 Rad8 14. Nbd2 h6 15. Ne4 b6 16. Nd6 Be8 17. Bh4 g5 18. Bg3 Kh8 19. Bb5 f5 20. Bxe5 Bxe5 21. Nxe5 Nxe5 22. Bxe8 N7c6 23. Bxc6 Nxc6 24. Nb5 a5 25. Kf1 Ne5 26. Ke2 Ng6 27. Rd6 Rxd6 28. Nxd6 f4 29. e4 f3+ 30. gxf3 Nf4+ 31. Ke3 Ng2+ 32. Ke2 Nf4+ 33. Ke3 Ng2+ 34. Ke2 Nf4+ 35. Kf1 Nd3 1/2-1/2

[Event "Wroclaw Anderssen Memorial op"]
[Site "Wroclaw"]
[Date "2018.08.04"]
[Round "1"]
[White "Hasterok, Lukasz"]
[Black "Jagodzinski, Piotr"]
[Result "0-1"]
[WhiteElo "1478"]
[BlackElo "2226"]
[PlyCount "82"]
[EventDate "2018.08.04"]
[EventType "swiss (rapid)"]
[EventRounds "13"]
[EventCountry "POL"]
[SourceTitle "CBM 185 Extra"]
[Source "ChessBase"]
[SourceDate "2018.07.29"]
[SourceVersion "1"]
[SourceVersionDate "2018.07.29"]
[SourceQuality "1"]

1. e4 c6 2. d4 d5 3. Nc3 a6 4. Nf3 Bg4 5. Be2 e6 6. 0-0 Nf6 7. exd5 cxd5 8. Ne5 Bxe2 9. Qxe2 Nc6 10. Rd1 Be7 11. Bg5 0-0 12. Na4 Rc8 13. Bxf6 Bxf6 14. Nc5 Nxd4 15. Rxd4 Rxc5 16. c3 Qc7 17. f4 b5 18. Rd2 g6 19. a4 Rb8 20. axb5 axb5 21. Nd3 Rc4 22. g3 d4 23. cxd4 Rxd4 24. Nf2 Qc4 25. Rc2 Qxe2 26. Rxe2 h5 27. Ne4 Kg7 28. Nxf6 Kxf6 29. Kg2 Rc8 30. Ra5 Rb4 31. Kh3 Rc7 32. Re5 Rb7 33. Re2 Rc4 34. Re5 Rb4 35. Re2 Rb3 36. Rc2 g5 37. fxg5+ Kxg5 38. Rf2 h4 39. Ra8 f5 40. Rg8+ Kf6 41. Kxh4 Rh7# 0-1

[Event "POL-chT U19 2nd League"]
[Site "Iwonicz"]
[Date "2016.07.31"]
[Round "8.81"]
[White "Hasterok, Lukasz"]
[Black "Goszyk, Bartosz"]
[Result "1/2-1/2"]
[WhiteElo "1185"]
[BlackElo "1126"]
[PlyCount "90"]
[EventDate "2016.07.23"]
[EventType "team-swiss"]
[EventRounds "11"]
[EventCountry "POL"]
[SourceTitle "EXT 2019"]
[Source "ChessBase"]
[SourceDate "2018.10.10"]
[SourceVersion "1"]
[SourceVersionDate "2018.10.10"]
[SourceQuality "1"]
[WhiteTeam "Strzelce Opolskie Adamietz U19"]
[BlackTeam "Cieszyn MUKS SZS U19"]
[WhiteTeamCountry "POL"]
[BlackTeamCountry "POL"]

1. e4 c5 2. Nf3 d6 3. d4 cxd4 4. Nxd4 Nf6 5. Nc3 g6 6. Bd3 Bg7 7. Nde2 Nc6 8. Be3 Be6 9. 0-0 0-0 10. h3 a6 11. Qd2 Re8 12. Nf4 Bd7 13. Rab1 Qc7 14. Ncd5 Nxd5 15. Nxd5 Qd8 16. Bb6 Qc8 17. Nc7 Be6 18. Nxa8 Qxa8 19. a3 Ne5 20. Be3 Nxd3 21. cxd3 b5 22. b4 Qb7 23. Bh6 Bh8 24. Rfc1 Qd7 25. Bf4 Bd4 26. Be3 Be5 27. f4 Bg7 28. Qf2 Ra8 29. Rc2 Qd8 30. Rbc1 Bc8 31. Bb6 Qe8 32. Bd4 Bf8 33. Bb2 f6 34. Qd4 Be6 35. f5 Bf7 36. g4 g5 37. Qb6 d5 38. Qb7 Qd8 39. Qc7 Qe8 40. Rc6 dxe4 41. dxe4 Bc4 42. Rd1 h6 43. e5 Bg7 44. exf6 exf6 45. Rd7 Qe3+ 1/2-1/2

[Event "POL-chT U19 2nd League"]
[Site "Iwonicz"]
[Date "2016.07.31"]
[Round "6.81"]
[White "Hasterok, Lukasz"]
[Black "Poltorak, Sebastian"]
[Result "1/2-1/2"]
[WhiteElo "1185"]
[BlackElo "1707"]
[PlyCount "80"]
[EventDate "2016.07.23"]
[EventType "team-swiss"]
[EventRounds "11"]
[EventCountry "POL"]
[SourceTitle "EXT 2019"]
[Source "ChessBase"]
[SourceDate "2018.10.10"]
[SourceVersion "1"]
[SourceVersionDate "2018.10.10"]
[SourceQuality "1"]
[WhiteTeam "Strzelce Opolskie Adamietz U19"]
[BlackTeam "Poznan UMKS Na Pieterku U19"]
[WhiteTeamCountry "POL"]
[BlackTeamCountry "POL"]

1. e4 c6 2. d4 d5 3. Nc3 dxe4 4. Nxe4 Bf5 5. Ng3 Bg6 6. h4 h6 7. h5 Bh7 8. Bd3 Bxd3 9. Qxd3 e6 10. N1e2 Nd7 11. Bf4 Qa5+ 12. Nc3 Ngf6 13. a3 Be7 14. 0-0-0 0-0 15. Nge4 Rad8 16. Qf3 Nxe4 17. Nxe4 Nf6 18. Nxf6+ Bxf6 19. Bxh6 Rxd4 20. Rxd4 Bxd4 21. Be3 Qe5 22. Bxd4 Qxd4 23. h6 g6 24. g4 Qd5 25. Qxd5 cxd5 26. g5 Kh7 27. f4 Rc8 28. Kd2 Rc4 29. Rf1 b5 30. b3 Rc5 31. Kd3 Rc6 32. Re1 a5 33. Re2 Ra6 34. Re3 Rc6 35. Re2 Kg8 36. Rh2 Rc8 37. Rf2 Kh7 38. Kd2 Ra8 39. Re2 a4 40. b4 Rc8 1/2-1/2

[Event "POL-chT U19 2nd League"]
[Site "Iwonicz"]
[Date "2016.07.31"]
[Round "3.69"]
[White "Hasterok, Lukasz"]
[Black "Syrkiewicz, Michal"]
[Result "0-1"]
[WhiteElo "1185"]
[BlackElo "1389"]
[PlyCount "105"]
[EventDate "2016.07.23"]
[EventType "team-swiss"]
[EventRounds "11"]
[EventCountry "POL"]
[SourceTitle "EXT 2019"]
[Source "ChessBase"]
[SourceDate "2018.10.10"]
[SourceVersion "1"]
[SourceVersionDate "2018.10.10"]
[SourceQuality "1"]
[WhiteTeam "Strzelce Opolskie Adamietz U19"]
[BlackTeam "Zielonka Zieloni U20"]
[WhiteTeamCountry "POL"]
[BlackTeamCountry "POL"]

1. e4 e6 2. d4 d5 3. exd5 exd5 4. c4 Be6 5. cxd5 Bxd5 6. Be3 Nf6 7. Nc3 Nc6 8. Nf3 Be7 9. Be2 0-0 10. 0-0 a6 11. Qc2 Re8 12. a3 Rb8 13. Rad1 h6 14. b4 Ng4 15. Nxd5 Qxd5 16. Bc4 Qd7 17. Rfe1 Bf6 18. h3 Nxe3 19. fxe3 Re7 20. Re2 Rbe8 21. Rde1 Na7 22. Qd3 Nb5 23. Bxb5 Qxb5 24. Qxb5 axb5 25. Kf2 Ra8 26. Ra2 Re6 27. Nd2 Be7 28. Rb1 Rea6 29. Rb3 Ra4 30. Ke2 c6 31. Kd3 Bxb4 32. Nb1 Bd6 33. g4 b4 34. Kc2 b5 35. Kb2 Kf8 36. e4 Ke8 37. h4 Kd7 38. Rd3 bxa3+ 39. Nxa3 b4 40. e5 Be7 41. d5 cxd5 42. Rxd5+ Kc6 43. Rd3 Rxa3 44. Raxa3 Rxa3 45. Rd4 f6 46. e6 Re3 47. Rc4+ Kd5 48. Rc1 Kxe6 49. Rg1 Bc5 50. Rg2 Ke5 51. h5 Kf4 52. Rf2+ Ke4 53. Rd2 0-1